Countries with embassies and consulates in Gambia - Statistics

General Stats
  • This quiz has been taken 25 times
  • The average score is 10 of 12
Answer Stats
Continent Country % Correct
Europe United Kingdom
100%
North America United States of America
100%
South America Venezuela
96%
Africa Nigeria
91%
Africa Senegal
91%
Asia/ Europe Turkey
91%
Asia China
87%
North America Cuba
87%
Europe Spain
74%
Africa Guinea Bissau
70%
Africa Sierra Leone
52%
Asia Qatar
43%
No matching quizzes found
Score Distribution
Percent of People with Each Score
Percentile by Number Answered
Your Score History
You have not taken this quiz